00206nam a2200085Ia 4500008004100000100001100041245002800052260002300080999001700103170817s9999 xx 000 0 und d aSAXENA 0aENVIRONMENTAL EDUCATION bNATIONAL PUB. AGRA c36276d36276